|
|
|
|
| LEADER |
00000nam a2200000 a 4500 |
| 001 |
UCY8983 |
| 003 |
CL-VaPUC |
| 008 |
950707e19740000AG |||||||||||||||||spa|d |
| 082 |
0 |
4 |
|a 371.92
|b LIB
|2 21
|
| 100 |
0 |
|
|a Liberoff, Marta S. de
|e author
|9 340921
|
| 245 |
1 |
0 |
|a Aprendizaje y retardo mental
|
| 300 |
|
|
|a 137 p
|
| 942 |
|
|
|c BK
|
| 945 |
|
|
|d 19950707 00:00:00
|a cmena
|
| 260 |
|
|
|a Buenos Aires
|b Ares
|c 1974
|
| 650 |
|
0 |
|a Educación especial
|9 307486
|
| 650 |
|
0 |
|a Deficiencia mental
|9 334734
|
| 650 |
|
0 |
|a Minusválidos mentales
|9 311830
|
| 650 |
|
0 |
|a Planificación de la educación
|9 307333
|
| 650 |
|
0 |
|a Procesos de aprendizaje
|9 309161
|
| 650 |
|
0 |
|a Desarrollo mental
|9 313003
|
| 650 |
|
0 |
|a Comportamiento
|9 308406
|
| 650 |
|
0 |
|a Lenguaje
|9 265069
|
| 583 |
|
|
|a last modification
|c 19950707 00:00:00
|k Rodrigo Vera
|
| 999 |
|
|
|c 236159
|d 236157
|
| 952 |
|
|
|0 0
|1 0
|4 0
|6 371_920000000000000_LIB_1974
|7 0
|8 A
|9 244040
|a BIBEDU
|b BIBEDU
|d 2019-11-18
|i 1529625
|o 371.92 LIB 1974
|p 1529625
|r 2019-11-18
|w 2019-11-18
|y BK
|k EDU
|